Stream-gaging stations for research on small watersheds /

Bibliographic Details
Main Author: Reinhart, Kenneth G., 1914-
Corporate Author: United States. Forest Service
Other Authors: Pierce, Robert Stanley, 1925-
Format: Government Document Book
Language:English
Published: Washington, D.C. : U.S. Dept. of Agriculture, Forest Service, [1964]
Series:Agriculture handbook (United States. Department of Agriculture) ; no. 268.
Subjects:

MARC

Tag First Indicator Second Indicator Subfields
LEADER 00000cam a2200000 a 4500
001 in00002755621
005 20150922104551.0
008 730817s1964 dcuae b f000 0 eng c
029 1 |a NZ1  |b 3044596 
029 1 |a AU@  |b 000002892592 
035 |a (OCoLC)ocm00679680 
040 |a DRB  |c DRB  |d AGL  |d WAU  |d IUL  |d OCLCQ  |d OCL  |d UX1  |d MTG  |d GPO  |d MvI  |d UtOrBLW 
042 |a pcc 
049 |a UDOC 
050 4 |a TC177  |b .R43 1964 
070 0 |a 1  |b Ag84Ah no.268 
072 0 |a P200 
074 |a 0003 
086 0 |a A 1.76:268 
100 1 |a Reinhart, Kenneth G.,  |d 1914- 
245 1 0 |a Stream-gaging stations for research on small watersheds /  |c Kenneth G. Reinhart and Robert S. Pierce. 
264 1 |a Washington, D.C. :  |b U.S. Dept. of Agriculture, Forest Service,  |c [1964] 
300 |a ii, 37 pages :  |b illustrations, plans ;  |c 26 cm. 
336 |a text  |b txt  |2 rdacontent 
337 |a unmediated  |b n  |2 rdamedia 
338 |a volume  |b nc  |2 rdacarrier 
490 1 |a Agriculture handbook ;  |v no. 268 
500 |a "May 1964." 
504 |a Includes bibliographical references (pages 31-32). 
650 0 |a Stream-gaging stations. 
650 0 |a Watersheds  |x Research. 
700 1 |a Pierce, Robert Stanley,  |d 1925- 
710 1 |a United States.  |b Forest Service. 
776 0 8 |i Online version:  |a Reinhart, Kenneth G., 1914-  |t Stream-gaging stations for research on small watersheds.  |d Washington, D.C. : U.S. Dept. of Agriculture, Forest Service : For sale by the Supt. of Docs., U.S. G.P.O., [1964]  |w (OCoLC)784287700 
830 0 |a Agriculture handbook (United States. Department of Agriculture) ;  |v no. 268. 
999 |a MARS 
999 f f |s a5672190-32ab-3efe-a4d9-efe9c953626a  |i 10ced01b-07fd-3a46-ad28-2b7ee9075a88  |t 0 
952 f f |p normal  |a Texas A&M University  |b College Station  |c Sterling C. Evans Library  |d Evans: US Documents (Annex 5th floor)  |t 0  |e A 1.76:268  |h Superintendent of Documents classification  |i unmediated -- volume  |m A14830148461 
998 f f |a A 1.76:268  |t 0  |l Evans: US Documents (Annex 5th floor)